banner-ar

التخطيط المدرسى : (Record no. 62284)

MARC details
000 -الفاتح
حقل البيانات ثابتة الطول 00882nam a22002297a 4500
005 - وقت وتاريخ اخر تعامل مع التسجيلة
رقم الضبط 20240530110542.0
008 - عناصر البيانات ثابتة الطول - معلومات عامة
حقل البيانات ثابتة الطول 160515s2013 ua g 000 0 ara d
017 ## - رقم الايداع القانونى
رقم الايداع القانونى 2013/7/2693
المصدر ( الهيئة المختصة) الكويت . دائرة المكتبة الوطنية
020 ## - الرقم الدولى المعيارى للكتب
الرقم الدولى المعيارى للكتاب 9789957172091
040 ## - مصدر الفهرسة
وكالة الفهرسة الأصلية EG-CaGPL
082 04 - رقم تصنيف ديوى العشرى
رقم الطبعة 21
رقم التصنيف 371.207\
رقم المادة ز ت
100 0# - المدخل الرئيسى - إسم شخصى
الإسم الشخصى زينب على الجبر .
245 12 - بيان العنوان
العنوان التخطيط المدرسى :
بقية العنوان مفاهيم و اسس و تطبيقات /
بيان المسئوليه,etc تاليف زينب على الجبر .
250 ## - بيان الطبعة
بيان الطبعة ط.1
260 ## - PUBLICATION, DISTRIBUTION, ETC. (IMPRINT)
تاريخ النشر أو التوزيع 2013 .
300 ## - الوصف المادى
التعداد 263 ص ؛
أبعاد الوعاء 24 سم .
650 04 - المدخل الاضافى بالموضوع-مصطلح موضوعى
مصطلح موضوعي المدارس
التقسيم الفرعي العام تنظيم و ادارة .
650 04 - المدخل الاضافى بالموضوع-مصطلح موضوعى
مصطلح موضوعي التخطيط المدرسى .
650 04 - المدخل الاضافى بالموضوع-مصطلح موضوعى
مصطلح موضوعي التعليم .
التقسيم الفرعي العام تخطيط .
942 ## - عناصر المدخل الإضافي( كوها)
مصدر التصنيف او مخطط الترفيف Dewey Decimal Classification
Koha [default] item type كتاب
260 ## - PUBLICATION, DISTRIBUTION, ETC. (IMPRINT)
-- الكويت :
-- مكتبة الفلاح للنشر و التوزيع ،
Holdings
حالة التراجع حالة الفقد حالة تلف ليس للاعارة المكان المؤقت الموقع الحالى تاريخ الاكتساب اجمالي اﻻعارات رقم الطلب الباركود تاريخ اخر مشاهدة تاريخ تفعيل السعر نوع وعاء كوها
        مكتبة القاهرة الكبرى مكتبة القاهرة الكبرى 05/15/2016   371.207\ ز ت 161959 05/15/2016 05/15/2016 كتاب

Powered By

EGPV